书目信息 |
| 题名: |
塑造阳刚男孩的56个细节
|
|
| 作者: | 王莉 编著 | |
| 分册: | ||
| 出版信息: | 北京 北京联合出版公司 2016 |
|
| 页数: | 182页 | |
| 开本: | 24cm | |
| 丛书名: | ||
| 单 册: | ||
| 中图分类: | B848.4-49 , G782 | |
| 科图分类: | ||
| 主题词: | 成功心理--cheng gong xin li--少年读物 , 男生--nan sheng--家庭教育 | |
| 电子资源: | ||
| ISBN: | 978-7-5502-7314-6 | |
| 000 | 01047nam 2200289 450 | |
| 001 | 012001000990 | |
| 005 | 20131025155305.0 | |
| 010 | @a978-7-5502-7314-6@dCNY31.50 | |
| 099 | @aCAL 012017032383 | |
| 100 | @a20161215d2016 cemy0chiy50 ea | |
| 101 | 0 | @achi |
| 102 | @aCN@b110000 | |
| 105 | @aa z 000yy | |
| 106 | @ar | |
| 200 | 1 | @a塑造阳刚男孩的56个细节@Asu zao yang gang nan hai de 56 ge xi jie@f王莉编著 |
| 210 | @a北京@c北京联合出版公司@d2016 | |
| 215 | @a182页@c彩图@d24cm | |
| 300 | @a出色男孩 | |
| 330 | @a本书主要告诉男孩子要敢于承担责任,宽容豁达,坚强勇敢,积极进取,正直不屈,沉着冷静等内容,旨在唤醒男孩子心中负责、勇敢、积极、坚强、诚实和正直的品质,把男孩塑造成真正的小男子汉,是一本男孩必读的励志书,也是一本父母必读的家教书。 | |
| 410 | 0 | @12001 @a出色男孩 |
| 606 | 0 | @a成功心理@Acheng gong xin li@j少年读物 |
| 606 | 0 | @a男生@Anan sheng@x家庭教育 |
| 690 | @aB848.4-49@v5 | |
| 690 | @aG782@v5 | |
| 701 | 0 | @a王莉@Awang li@4编著 |
| 801 | 0 | @aCN@b江苏凤凰@c20191020 |
| 905 | @b1222117-9@dB848.4-49@e3390@f3 | |
| 塑造阳刚男孩的56个细节/王莉编著.-北京:北京联合出版公司,2016 |
| 182页:彩图;24cm |
| 出色男孩 |
| ISBN 978-7-5502-7314-6:CNY31.50 |
| 本书主要告诉男孩子要敢于承担责任,宽容豁达,坚强勇敢,积极进取,正直不屈,沉着冷静等内容,旨在唤醒男孩子心中负责、勇敢、积极、坚强、诚实和正直的品质,把男孩塑造成真正的小男子汉,是一本男孩必读的励志书,也是一本父母必读的家教书。 |
| ● |
| 相关链接 |
|
|
|
|
正题名:塑造阳刚男孩的56个细节
索取号:B848.4-49/3390
 
预约/预借
| 序号 | 登录号 | 条形码 | 馆藏地/架位号 | 状态 | 备注 |
| 1 | 1222117 | 212221175 | 第一样本阅览室/ [索取号:B848.4-49/3390] | 在馆 | |
| 2 | 1222118 | 212221184 | 教育系资料室/ [索取号:B848.4-49/3390] | 在馆 | |
| 3 | 1222119 | 212221193 | 第一借阅区/ [索取号:B848.4-49/3390] | 在馆 |